00421 a2200157 4500001000700000003000400007005001700011008004100028082001600069100001600085245008200101260002300183300001000206653003000216700001700246068207OSt20220128142448.0  a519.5bC81N1 aCoder, G.D.1 aNonparametrics statistics for non-statisticiancby G.D. Coder and D.I. Forman aIndiabWileyc2009 a247p. aNonparametrics statistics aForman, D.I.